000 01445cam a2200373 a 4500
001 14524661
003 ARRUPE
005 20131220131634.0
008 060829s2006 enk b 000 0 eng d
010 _a 2006298080
015 _aGBA606269
_2bnb
016 7 _a013360196
_2Uk
020 _a0826480799
035 _a(OCoLC)ocm62714687
040 _aUKM
_cUKM
_dBAKER
_dBWKUK
_dVP@
_dDLC
042 _aukscp
_alccopycat
050 0 0 _aBV4435
_b.K93 2006
082 0 0 _a248.8/5
_222
100 1 _aKroll, Una.
_96219
245 1 0 _aLiving life to the full :
_ba guide to spiritual health in later years /
_cUna Kroll.
260 _aLondon ;
_aNew York :
_bContinuum ,
_c2006.
300 _ax, 177 p. ;
_c22 cm.
504 _aIncludes bibliographical references.
650 0 _aOlder people
_xCare.
_96220
650 0 _aAging
_xReligious aspects.
_96221
650 0 _aAging
_xSocial aspects.
_96222
650 0 _aAging
_xHealth aspects.
_96223
856 4 2 _3Contributor biographical information
_uhttp://www.loc.gov/catdir/enhancements/fy1116/2006298080-b.html
856 4 1 _3Table of contents only
_uhttp://www.loc.gov/catdir/enhancements/fy1116/2006298080-t.html
856 4 2 _3Publisher description
_uhttp://www.loc.gov/catdir/enhancements/fy1213/2006298080-d.html
906 _a7
_bcbc
_ccopycat
_d2
_encip
_f20
_gy-gencatlg
942 _2lcc
_cMONOGRAPH
999 _c119426
_d119426